000 00417nam a2200181Ia 4500
001 18613
005 20260306171643.0
008 260306s9999||||xx |||||||||||||| ||und||
041 _aESP
082 _a658.4092
_bF54E
100 _aFischman, David
_eAUT
245 0 _aEl espejo del líder
260 _c2000
300 _a239 páginas :
_c21 cm.
650 _aGEN
654 _aCAN
942 _cLIB
_dJUS
_fJUS
_2ddc
_n
999 _c18613
_d18613